Carregant...
The empty chair /
Reowned criminalist Lincoln Rhyme is pitted against Amelia Sachs, his own brilliant protegee, as they disagree on the analysis of a crime they began working together.
| Autor principal: | |
|---|---|
| Format: | Printed Book |
| Idioma: | English |
| Col·lecció: | Deaver, Jeffery.
|
| Matèries: |
| LEADER | 01789cam a2200433 i 4500 | ||
|---|---|---|---|
| 008 | 200227t20192000nyub 000 1 eng d | ||
| 010 | |a 2020289618 | ||
| 020 | |a 0340769661 | ||
| 082 | 0 | 4 | |a 813.54 |2 23 |
| 100 | 1 | |a Deaver, Jeffery, | |
| 245 | 1 | 4 | |a The empty chair / |c Jeffery Deaver. |
| 300 | |a 434 p. ; |c 22 cm. | ||
| 490 | 1 | |a The new Lincoln Rhyme Thriller | |
| 500 | |a First published in 2000. | ||
| 520 | |a Reowned criminalist Lincoln Rhyme is pitted against Amelia Sachs, his own brilliant protegee, as they disagree on the analysis of a crime they began working together. | ||
| 600 | 1 | 0 | |a Rhyme, Lincoln |c (Fictitious character) |v Fiction. |
| 600 | 1 | 0 | |a Sachs, Amelia |c (Fictitious character) |v Fiction. |
| 600 | 1 | 7 | |a Rhyme, Lincoln |c (Fictitious character) |2 fast |
| 650 | 0 | |a Police |z New York (State) |z New York |v Fiction. | |
| 650 | 0 | |a Forensic scientists |v Fiction. | |
| 650 | 0 | |a Quadriplegics |v Fiction. | |
| 650 | 7 | |a Forensic scientists. |2 fast | |
| 650 | 7 | |a Police. |2 fast | |
| 650 | 7 | |a Quadriplegics. |2 fast | |
| 651 | 0 | |a North Carolina |v Fiction. | |
| 651 | 7 | |a New York (State) |z New York. |2 fast | |
| 651 | 7 | |a North Carolina. |2 fast | |
| 655 | 7 | |a Detective and mystery fiction. |2 fast | |
| 655 | 7 | |a Fiction. |2 fast | |
| 655 | 7 | |a Thrillers (Fiction) |2 fast | |
| 655 | 7 | |a Suspense fiction. |2 gsafd | |
| 655 | 7 | |a Detective and mystery fiction. |2 lcgft | |
| 655 | 7 | |a Thrillers (Fiction) |2 lcgft | |
| 800 | 1 | |a Deaver, Jeffery. | |
| 906 | |a 7 |b cbc |c copycat |d 2 |e ncip |f 20 |g y-gencatlg | ||
| 942 | |c BK | ||
| 955 | |b xk18 2020-02-27 z-processor |i xk12 2020-10-01 (telework) c. 1 to BCCD | ||
| 999 | |c 362955 |d 362955 | ||
| 952 | |0 0 |1 0 |2 ddc |4 0 |6 813_540000000000000 |7 3 |9 422492 |a UL |b UL |c PROC |d 2021-10-30 |e Donation -I.G.Bhaskara Panikker Family |l 0 |o 813.54 |p G13669 |r 2021-10-30 |w 2021-10-30 |y BK | ||